Statistiques concernant 15 principaux pays touchés par Covid-19 - 3 juin 2021

Cliquez ici pour prendre le quiz!

Statistiques générales

  • Ce quiz a été pris 26 fois
  • Le résultat moyen est 12 sur 27

Statistiques - réponses

nombre
total de cas
gain
quotidien
taux par
million
pays% Correct
5 694 076
984887 056France
100%
34 173 53212 757102 688Etats-Unis
96%
3 693 0124388Espagne
92%
3 701 6902990Allemagne
83%
4 499 8783165Royaume-Uni
83%
4 225 1632482Italie
79%
16 803 47277 898Brésil
75%
2 423 928932Mexique
71%
28 572 359133 228Inde
67%
5 099 1829500Russie
67%
3 884 44735 355Argentine
54%
91 556Belgique
46%
3 488 04625 966Colombie
42%
105 205Suède
42%
2 874 092583Pologne
33%
5 270 2997112Turquie
33%
87 487Croatie
29%
96 507Pays-Bas
29%
2 945 10010 687Iran
17%
122 029Slovénie
17%
97 870Estonie
13%
102 543Lituanie
13%
154 988Tchèquie
13%
87 136Géorgie
8%
90 021Israël
8%
87 353Uruguay
8%
140 499Bahreïn
4%

Distribution des résultats

Percentile par nombre de réponses

% des personnes avec chaque résultat

Votre développement - résultats

Vous n’avez pas pris ce quiz